00701cam a2200217 450000100060000000300080000600500170001400800410003103500190007204000310009104100110012208200230013310000320015624500910018826000490027930000300032849000420035850000270040050000290042765100270045622846BD-RjUL20211209000848.0140309s1955 ru c 000 1 eng  a(BD-RjUL)22911 aDLCcBD-RjULdBD-RjULbeng1 aengrus00a891.7344bGRT 19551 aGranin, D.q Daniil Granin.10aThose who seek;ba novelc D. Granin. [Translated from the Russian by Robert Daglish]. aMoscow,bForeign Languages Pub. Housec1955. a537 p. :bport. ;c20 cm.0 aLibrary of selected Soviet literature aAdded t.p. in Russian. aTranslation of Iskateli. 0aSoviet UnionxFiction.